Skocznie narciarskie - Statystyki

Ogólne statystyki
  • Ten quiz został rozwiązany 316 razy
  • Średni wynik to 18 z 23
Statystyki odpowiedzi
Kraj Skocznia/Miejscowość % Poprawnych
Polska Zakopane
96%
Polska Wisła
94%
Norwegia Oslo
90%
Słowenia Planica
90%
Japonia Sapporo
90%
Finlandia Lahti
86%
Niemcy Garmisch-Partenkirchen
85%
Austria Innsbruck
85%
Norwegia Vikersund
85%
Finlandia Kuusamo
84%
Rosja Nizhny Tagil
81%
Szwajcaria Engelberg
79%
Norwegia Trondheim
79%
Norwegia Lillehammer
78%
Włochy Predazzo
76%
Niemcy Willingen
75%
Niemcy Oberstdorf
73%
Rumunia Rasnov
71%
Austria Bischofshofen
67%
Austria Bad Mitterndorf
61%
Korea Południowa PyeongChang
56%
Niemcy Titisee-Neustadt
56%
Niemcy Klingenthal
53%
Nie znaleziono quizów pasujących do podanych kryteriów
Rozkład punktacji
Procent ludzi z każdym wynikiem
Percentyl według liczby udzielonych odpowiedzi
Twoja historia wyników
Nie rozwiązałeś tego quizu